The history of Menander the guardsman. Introductory essay, text, translation, and historiographical notes

Guardat en:
Dades bibliogràfiques
Autor principal: Blockley, R. C (Autor)
Format: Llibre
Idioma:anglès
Publicat: Liverpool Francis Cairns 1985
Col·lecció:ARCA. Classical and Medieval Texts, Papers and Monographs, 17
Matèries:
Etiquetes: Afegir etiqueta
Sense etiquetes, Sigues el primer a etiquetar aquest registre!

MARC

LEADER 00000nam a2200000 a 4500
001 UCI2414
003 CL-VaPUC
005 20210602001453.0
008 070824e19850000UK |||||||||||||||||eng|d
999 |c 326998  |d 326996 
020 |a 0905205251 
040 |c Pontificia Universidad Católica de Valparaíso 
082 0 4 |a 949.501 BLO 1985  |2 21 
100 0 |a Blockley, R. C  |e author  |9 523446 
245 1 4 |a The history of Menander the guardsman.  |b  Introductory essay, text, translation, and historiographical notes 
260 |a Liverpool  |b Francis Cairns  |c 1985 
300 |a 307 páginas 
490 0 |a ARCA. Classical and Medieval Texts, Papers and Monographs,  |v  17 
583 |a last modification  |c 20070824 00:00:00  |k Rodrigo Vera 
650 0 |a Historia de Grecia   |9 267917 
650 0 |a Historia antigua  |9 267521 
651 0 |a Grecia  |9 265314 
651 7 |a LOS BALCANES  |2 CL-VaPUC  |9 523447 
942 |c BK  |2 ddc 
945 |d 20070824 00:00:00  |a rbrito 
952 |0 0  |1 0  |2 ddc  |4 0  |6 949_501000000000000_BLO_1985  |7 0  |8 A  |9 409335  |a BIBHIS  |b BIBHIS  |d 2019-11-22  |i 4214765  |o 949.501 BLO 1985  |p 4214765  |r 2025-01-20  |t 1  |w 2019-11-22  |y BK  |k HIS